[Event "Larsens Nordjyske Mindeturnering"]
[Site "AALBORG"]
[Date "2018.10.13"]
[Round "1.1"]
[White "Lauritzen, Einar"]
[Black "Danielsen, Henrik"]
[Result "0-1"]
[WhiteElo "1997"]
[BlackElo "2502"]
[PlyCount "138"]
[EventDate "2018.??.??"]
[EventCountry "DEN"]

1. d4 f5 2. Nf3 c6 3. g3 d6 4. c4 g6 5. Bg2 Bg7 6. Nc3 Nf6 7. O-O O-O 8. Re1
Na6 9. a3 Nh5 10. e3 e5 11. b4 e4 12. Nd2 Nc7 13. Bb2 d5 14. f4 exf3 15. Bxf3
Nf6 16. Qb3 Be6 17. cxd5 Nfxd5 18. Nxd5 Bxd5 19. Bxd5+ Qxd5 20. Qxd5+ Nxd5 21.
Nc4 Rfe8 22. Kf2 Rad8 23. Rac1 Re4 24. Rc2 Bh6 25. Rce2 Bf8 26. Nd2 Re7 27. e4
fxe4 28. Rxe4 Rf7+ 29. Kg2 Nb6 30. Re8 Rfd7 31. Nf3 Nc4 32. Bc1 Nd6 33. Rxd8
Rxd8 34. Bg5 Ra8 35. Be7 Nc4 36. a4 Nb6 37. Bxf8 Rxf8 38. b5 cxb5 39. axb5 Nd5
40. Re5 Rd8 41. Kf2 Rd7 42. Re8+ Kg7 43. Ra8 Nc7 44. Rxa7 Nxb5 45. Ra4 Nd6 46.
Rb4 Kf6 47. Ke3 Ke6 48. Ne5 Rc7 49. Nd3 b5 50. Nf4+ Kf5 51. h3 Rc3+ 52. Nd3
Nc4+ 53. Ke2 Ke4 54. Nf2+ Kxd4 55. Rxb5 Re3+ 56. Kf1 Rxg3 57. Rb4 h5 58. h4 Kd5
59. Rb5+ Ke6 60. Ne4 Rg4 61. Ng5+ Kf6 62. Nf3 Ne3+ 63. Kf2 Nf5 64. Rb6+ Kg7 65.
Ne5 Rf4+ 66. Kg2 Nxh4+ 67. Kg3 Re4 68. Rb7+ Kf6 69. Nd7+ Kg5 0-1

[Event "Larsens Nordjyske Mindeturnering"]
[Site "AALBORG"]
[Date "2018.10.13"]
[Round "1.3"]
[White "Nielsen, Poul Erik"]
[Black "Ogaard, Leif"]
[Result "1/2-1/2"]
[WhiteElo "1987"]
[BlackElo "2386"]
[PlyCount "40"]
[EventDate "2018.??.??"]
[EventCountry "DEN"]

1. d4 Nf6 2. Nc3 d5 3. Nf3 Bf5 4. e3 Nbd7 5. Bd3 e6 6. Bxf5 exf5 7. Qd3 Bb4 8.
Qxf5 Bxc3+ 9. bxc3 O-O 10. O-O Re8 11. Nd2 Nb6 12. Qd3 Ne4 13. f3 Nxd2 14. Bxd2
Nc4 15. Rae1 f5 16. Bc1 Nd6 17. Ba3 Nc4 18. Bc1 Nd6 19. Ba3 Nc4 20. Bc1 Nd6
1/2-1/2

[Event "Larsens Nordjyske Mindeturnering"]
[Site "AALBORG"]
[Date "2018.10.13"]
[Round "1.4"]
[White "Kristiansen, Jens"]
[Black "Andersen, Mikhael"]
[Result "1-0"]
[WhiteElo "2370"]
[BlackElo "1985"]
[PlyCount "77"]
[EventDate "2018.??.??"]
[EventCountry "DEN"]

1. e4 d6 2. Nc3 e5 3. Bc4 Be6 4. d3 Nf6 5. Bb3 c6 6. Nf3 Bxb3 7. axb3 Nbd7 8.
O-O Be7 9. d4 O-O 10. Re1 Re8 11. h3 Qc7 12. Be3 Bf8 13. d5 a5 14. Nd2 b5 15.
dxc6 Qxc6 16. Bg5 Rec8 17. Bxf6 Nxf6 18. Qe2 Rcb8 19. Qd3 Qc5 20. Nf1 b4 21.
Na4 Qb5 22. Ne3 Ra6 23. f3 Nh5 24. Nd5 Qxd3 25. cxd3 Rc6 26. Rec1 Rbc8 27. Rc4
Nf4 28. Nab6 Rxc4 29. dxc4 Rd8 30. Nxf4 exf4 31. Rxa5 g6 32. Nd5 Bg7 33. Nxb4
Bxb2 34. Nc6 Rd7 35. b4 Rb7 36. Kf1 Bc3 37. Ra3 Bf6 38. Rd3 Be5 39. c5 1-0

[Event "Larsens Nordjyske Mindeturnering"]
[Site "AALBORG"]
[Date "2018.10.13"]
[Round "1.5"]
[White "Danielsson, Robert"]
[Black "Renman, Nils Gustaf"]
[Result "0-1"]
[WhiteElo "1973"]
[BlackElo "2349"]
[PlyCount "40"]
[EventDate "2018.??.??"]
[EventCountry "DEN"]

1. d4 d5 2. c4 e6 3. Nc3 c6 4. Nf3 Nf6 5. Bg5 h6 6. Bxf6 Qxf6 7. e4 dxe4 8.
Nxe4 Bb4+ 9. Ned2 O-O 10. a3 Ba5 11. b4 Bc7 12. Be2 Nd7 13. O-O Rd8 14. Qb3 e5
15. dxe5 Nxe5 16. Rad1 Bf5 17. Nb1 Bd3 18. Rxd3 Rxd3 19. Bxd3 Nxf3+ 20. Kh1
Nxh2 0-1

[Event "Larsens Nordjyske Mindeturnering"]
[Site "AALBORG"]
[Date "2018.10.13"]
[Round "1.6"]
[White "Rooze, Jan"]
[Black "Ekelund, Kurt"]
[Result "1-0"]
[WhiteElo "2313"]
[BlackElo "1972"]
[PlyCount "31"]
[EventDate "2018.??.??"]
[EventCountry "DEN"]

1. e4 c5 2. Nf3 Nc6 3. Bb5 e5 4. O-O Bd6 5. a3 Nge7 6. d3 Bc7 7. Bc4 d5 8. exd5
Nxd5 9. Ng5 Nce7 10. Nc3 Be6 11. Nxe6 fxe6 12. Qg4 Qd7 13. Bg5 Nxc3 14. bxc3
Nf5 15. Rab1 O-O 16. Rxb7 1-0

[Event "Larsens Nordjyske Mindeturnering"]
[Site "AALBORG"]
[Date "2018.10.13"]
[Round "1.7"]
[White "Davidsen, Niels Chr"]
[Black "Sloth, Jorn"]
[Result "0-1"]
[WhiteElo "1971"]
[BlackElo "2306"]
[PlyCount "96"]
[EventDate "2018.??.??"]
[EventCountry "DEN"]

1. e4 c5 2. a3 g6 3. b4 Bg7 4. Nc3 d6 5. g3 Nf6 6. Bg2 Na6 7. Rb1 O-O 8. Nge2
Rb8 9. O-O Bd7 10. bxc5 Nxc5 11. d4 Na4 12. Nxa4 Bxa4 13. Qd3 Nd7 14. Nc3 Bc6
15. Be3 b6 16. f4 e6 17. Nb5 Bxb5 18. Qxb5 Qc7 19. Rbc1 Qc3 20. Qd3 Rbc8 21. e5
d5 22. Bd2 Qxd3 23. cxd3 Nb8 24. Kf2 Rfd8 25. Ke3 Bf8 26. Bb4 Nc6 27. Bxf8 Kxf8
28. g4 Ne7 29. Kd2 Rxc1 30. Rxc1 Rc8 31. Rxc8+ Nxc8 32. Bf3 b5 33. Kc3 a5 34.
Bd1 Na7 35. a4 Ke7 36. Kd2 Kd7 37. Ke3 Kc6 38. h4 h6 39. h5 gxh5 40. gxh5 Nc8
41. Kd2 Ne7 42. axb5+ Kxb5 43. Kc3 Nf5 44. Kb3 Nxd4+ 45. Ka3 Kc5 46. Ka4 Nc6
47. Bb3 Kd4 48. Kb5 Nb4 0-1

[Event "Larsens Nordjyske Mindeturnering"]
[Site "AALBORG"]
[Date "2018.10.13"]
[Round "1.8"]
[White "Borsos, Bogdan"]
[Black "Lennart Vang, Frank"]
[Result "1-0"]
[WhiteElo "2277"]
[BlackElo "1969"]
[PlyCount "89"]
[EventDate "2018.??.??"]
[EventCountry "DEN"]

1. Nf3 d5 2. c4 c6 3. g3 Nf6 4. Bg2 e6 5. b3 Be7 6. O-O O-O 7. Bb2 Nbd7 8. d4
Ne4 9. Nfd2 f5 10. e3 Ndf6 11. f3 Nxd2 12. Nxd2 Bd7 13. Rc1 Be8 14. Rc2 Bg6 15.
f4 Bh5 16. Qc1 Be2 17. Re1 Bd3 18. Rc3 Be4 19. Nxe4 Nxe4 20. Bxe4 fxe4 21. Ba3
a5 22. Bxe7 Qxe7 23. cxd5 exd5 24. Rc5 Qd8 25. a4 Qb6 26. Qc3 Ra6 27. Rf1 Rfa8
28. Kg2 Qa7 29. f5 Rb6 30. f6 Rf8 31. Rxa5 Ra6 32. f7+ Rxf7 33. Rxd5 Qb8 34.
Rdf5 Rxf5 35. Rxf5 Ra8 36. Qc4+ Kh8 37. Qf7 Qd6 38. Re5 h6 39. Qxb7 Rb8 40. Qe7
Qg6 41. Qe6 Qh7 42. a5 Rf8 43. a6 g6 44. Rxe4 h5 45. Rf4 1-0

[Event "Larsens Nordjyske Mindeturnering"]
[Site "AALBORG"]
[Date "2018.10.13"]
[Round "1.9"]
[White "Pedersen, Borge"]
[Black "Hess, Christian"]
[Result "1/2-1/2"]
[WhiteElo "1964"]
[BlackElo "2225"]
[PlyCount "69"]
[EventDate "2018.??.??"]
[EventCountry "DEN"]

1. e4 c5 2. Nf3 e6 3. d4 cxd4 4. Nxd4 Nc6 5. Be3 Nf6 6. Nd2 d5 7. Nxc6 bxc6 8.
e5 Nd7 9. f4 Bc5 10. Bxc5 Nxc5 11. Qf3 Rb8 12. Qf2 Qa5 13. Rb1 Ne4 14. Qe3 Nxd2
15. Qxd2 Qxa2 16. Qc1 c5 17. b3 Qa5+ 18. Qd2 Qb6 19. Ra1 O-O 20. h4 f6 21. Bd3
fxe5 22. fxe5 Qc7 23. Qe2 a6 24. Rh3 Rb4 25. c4 Kh8 26. Bc2 dxc4 27. bxc4 Bb7
28. Raa3 Rb2 29. Kd1 Qd8+ 30. Kc1 Qd4 31. Rad3 Rxc2+ 32. Kxc2 Qxc4+ 33. Kd1
Bxg2 34. Qxg2 Rb8 35. Qc2 1/2-1/2

[Event "Larsens Nordjyske Mindeturnering"]
[Site "AALBORG"]
[Date "2018.10.13"]
[Round "1.10"]
[White "Jorgensen, Jorgen"]
[Black "Ortoft, Kai"]
[Result "1-0"]
[WhiteElo "2211"]
[BlackElo "1957"]
[PlyCount "85"]
[EventDate "2018.??.??"]
[EventCountry "DEN"]

1. c4 e6 2. Nf3 d5 3. g3 c6 4. Bg2 f5 5. b3 Nf6 6. d3 Be7 7. Nbd2 O-O 8. O-O
Bd7 9. Bb2 Be8 10. e4 Bh5 11. Qc2 a5 12. Nd4 Qd7 13. exf5 exf5 14. Rfe1 Bf7 15.
N2f3 Bd6 16. c5 Bc7 17. Bh3 Ng4 18. Qc3 Bg6 19. Ne6 Rf7 20. Nfg5 Re7 21. f3 Nh6
22. Nxg7 d4 23. Qxd4 Qxd4+ 24. Bxd4 Rd7 25. N7e6 Na6 26. Nxc7 Nxc7 27. Be5 Nb5
28. Bf1 Nf7 29. Nxf7 Kxf7 30. Rac1 Nd4 31. Kf2 Bh5 32. Re3 a4 33. b4 a3 34. Rc4
Rad8 35. Bd6 Nb5 36. Rf4 Bg6 37. g4 Nc3 38. gxf5 Nd1+ 39. Ke2 Nxe3 40. fxg6+
Kxg6 41. Kxe3 Re8+ 42. Kd2 Rdd8 43. d4 1-0

[Event "Larsens Nordjyske Mindeturnering"]
[Site "AALBORG"]
[Date "2018.10.13"]
[Round "1.11"]
[White "Andersen, Per O"]
[Black "Christensen, Jan Schleicher"]
[Result "1-0"]
[WhiteElo "1952"]
[BlackElo "2207"]
[PlyCount "102"]
[EventDate "2018.??.??"]
[EventCountry "DEN"]

1. Nf3 Nf6 2. e3 g6 3. b3 Bg7 4. Bb2 c5 5. c4 O-O 6. Be2 b6 7. O-O Bb7 8. d4
cxd4 9. exd4 d5 10. Nc3 Nc6 11. Rc1 Rc8 12. Na4 dxc4 13. bxc4 Na5 14. c5 Nd5
15. Re1 e6 16. Qd2 Qd7 17. Nc3 Rfd8 18. Nb5 Nc6 19. Nd6 Rb8 20. Ne5 Nxe5 21.
dxe5 Bc6 22. cxb6 Rxb6 23. Bd4 Rb4 24. Bc4 Rbb8 25. Rb1 Nb6 26. Bxb6 axb6 27.
Rbd1 b5 28. Bb3 Ba8 29. Qf4 Qe7 30. Ne4 Qb7 31. f3 Qb6+ 32. Kh1 Bxe4 33. Qxe4
Qf2 34. f4 Bh6 35. g3 Bf8 36. Rxd8 Rxd8 37. Qe2 Qc5 38. Qe3 Qb4 39. Re2 Bc5 40.
Qe4 Rd4 41. Qc2 Bf8 42. Kg2 Qa5 43. Kh3 h5 44. Qb2 Qd8 45. Qc2 g5 46. fxg5 Qxg5
47. Kg2 Qg4 48. h3 Qg5 49. Qc3 Qd8 50. Qf3 h4 51. gxh4 Qd7 1-0

[Event "Larsens Nordjyske Mindeturnering"]
[Site "AALBORG"]
[Date "2018.10.13"]
[Round "1.12"]
[White "Pedersen, Svend"]
[Black "Norregaard, Claus"]
[Result "1-0"]
[WhiteElo "2194"]
[BlackElo "1944"]
[PlyCount "88"]
[EventDate "2018.??.??"]
[EventCountry "DEN"]

1. e4 e5 2. Nc3 Nc6 3. Bc4 Nf6 4. d3 Na5 5. Nf3 Nxc4 6. dxc4 d6 7. h3 Be6 8.
Qd3 h6 9. Be3 Nd7 10. O-O-O g6 11. g4 Bg7 12. g5 h5 13. Nd5 O-O 14. Kb1 Nb6 15.
Qb3 Nxc4 16. Qxc4 c6 17. Qb3 cxd5 18. exd5 Bf5 19. Nh4 Qd7 20. Nxf5 Qxf5 21.
Qb4 Qd7 22. Rd3 a5 23. Qe4 b5 24. Rc3 Rfc8 25. Rc6 Rxc6 26. dxc6 Qc7 27. Qd5
Ra6 28. Qxb5 Rxc6 29. Rd1 Rxc2 30. Bb6 Qc6 31. Qxc6 Rxc6 32. Bxa5 Kf8 33. b4 e4
34. Rd5 Ke7 35. b5 Rc5 36. Rxc5 dxc5 37. Kc2 Kd7 38. Bc3 Bd4 39. Bxd4 cxd4 40.
a4 Kd6 41. a5 Kc5 42. b6 Kc6 43. Kb3 Kb7 44. Kc4 d3 {Kxd3 exd3} 1-0

[Event "Larsens Nordjyske Mindeturnering"]
[Site "AALBORG"]
[Date "2018.10.14"]
[Round "2.1"]
[White "Danielsen, Henrik"]
[Black "Malmdin, Nils Aake"]
[Result "1-0"]
[WhiteElo "2502"]
[BlackElo "2141"]
[PlyCount "135"]
[EventDate "2018.??.??"]
[EventCountry "DEN"]

1. Nf3 g6 2. d4 Bg7 3. c4 Nf6 4. g3 O-O 5. Bg2 d6 6. Nc3 Nc6 7. O-O a6 8. Bg5
h6 9. Be3 Ng4 10. Bc1 Rb8 11. h3 Nf6 12. e4 e5 13. d5 Ne7 14. Ne1 b5 15. cxb5
axb5 16. a3 Nh5 17. Nd3 Qe8 18. g4 Nf6 19. Be3 h5 20. f3 c5 21. b4 c4 22. Nb2
Bd7 23. Qe2 Nc8 24. Rfc1 hxg4 25. fxg4 Qd8 26. Rc2 Nh7 27. a4 bxa4 28. Qxc4 Nb6
29. Qe2 f5 30. exf5 gxf5 31. gxf5 Bxf5 32. Rd2 Qh4 33. Bf2 Qxb4 34. Ncxa4 Nd7
35. Nc4 e4 36. Raa2 Rfc8 37. Ne3 Qb1+ 38. Rd1 Rc1 39. Rxc1 Qxc1+ 40. Qe1 Qxe1+
41. Bxe1 Bd4 42. Bf2 Rb1+ 43. Kh2 Bg6 44. Nc4 Bg7 45. Bg3 Rd1 46. Nxd6 Rxd5 47.
Nxe4 Rd4 48. Nac5 Nhf8 49. Nxd7 Nxd7 50. Ng5 Nf8 51. h4 Bb1 52. Ra5 Rd2 53. Bf4
Ra2 54. Rc5 Bg6 55. Kg3 Ra3+ 56. Kg4 Bf7 57. Nxf7 Kxf7 58. Bd5+ Ke7 59. Rc7+
Nd7 60. Bc6 Rd3 61. Kf5 Kd8 62. Rxd7+ Rxd7 63. Bxd7 Kxd7 64. Kg6 Bd4 65. Kf7
Kc6 66. Ke6 Kc5 67. h5 Kc6 68. h6 {Kd5+} 1-0

[Event "Larsens Nordjyske Mindeturnering"]
[Site "AALBORG"]
[Date "2018.10.15"]
[Round "3.1"]
[White "Wahlborn, Magnus"]
[Black "Danielsen, Henrik"]
[Result "1-0"]
[WhiteElo "2159"]
[BlackElo "2502"]
[PlyCount "79"]
[EventDate "2018.??.??"]
[EventCountry "DEN"]

1. e4 d6 2. d4 Nf6 3. Nc3 Nbd7 4. Nf3 e5 5. Bc4 Be7 6. O-O O-O 7. Re1 c6 8. a4
a5 9. Bg5 h6 10. Bh4 Nh5 11. Bxe7 Qxe7 12. Qd2 Nf4 13. Rad1 Nb6 14. Bf1 Bg4 15.
Qe3 Bxf3 16. Qxf3 Ne6 17. Ne2 Qc7 18. b3 Rfe8 19. dxe5 dxe5 20. Qe3 Rad8 21.
Ng3 Nd4 22. Nf5 Nxf5 23. exf5 Rxd1 24. Rxd1 Nd5 25. Qc5 Rd8 26. g3 e4 27. Qd4
Re8 28. Bc4 Nf6 29. Kg2 Qc8 30. Qc5 Rd8 31. Rxd8+ Qxd8 32. Qe5 b6 33. h3 Qe8
34. Qd4 b5 35. Bf1 bxa4 36. bxa4 Qd7 37. Qb6 Qd5 38. c4 Qxf5 39. Qxc6 Nd7 40.
Be2 {Black lost on time} 1-0

[Event "Larsens Nordjyske Mindeturnering"]
[Site "AALBORG"]
[Date "2018.10.15"]
[Round "3.3"]
[White "Rooze, Jan"]
[Black "Andersson, Kaj"]
[Result "0-1"]
[WhiteElo "2313"]
[BlackElo "2023"]
[PlyCount "64"]
[EventDate "2018.??.??"]
[EventCountry "DEN"]

1. e4 c5 2. Nf3 d6 3. Bb5+ Nd7 4. Ba4 e6 5. O-O a6 6. c4 Ngf6 7. d4 cxd4 8.
Qxd4 e5 9. Qd3 Be7 10. Nc3 O-O 11. b4 Qc7 12. Bb3 Re8 13. Be3 Nf8 14. Rac1 Bg4
15. Nd2 Rac8 16. f3 Be6 17. Rc2 Qd8 18. Rd1 Ng6 19. g3 h6 20. Nd5 Bxd5 21. exd5
Qd7 22. Ne4 Nh7 23. c5 Qf5 24. cxd6 Rxc2 25. Bxc2 Bd8 26. Rf1 Qd7 27. a3 b5 28.
Rc1 Rf8 29. Bb3 f5 30. Nc5 Qxd6 31. Ne6 e4 32. fxe4 Ne5 0-1

[Event "Larsens Nordjyske Mindeturnering"]
[Site "AALBORG"]
[Date "2018.10.15"]
[Round "3.4"]
[White "Jorgensen, Jorgen"]
[Black "Olesen, Poul Erik Norgaard"]
[Result "1/2-1/2"]
[WhiteElo "2211"]
[BlackElo "2004"]
[PlyCount "58"]
[EventDate "2018.??.??"]
[EventCountry "DEN"]

1. Nf3 g6 2. c4 Bg7 3. Nc3 Nf6 4. e4 d6 5. d4 O-O 6. Be2 e5 7. O-O Nc6 8. Be3
Nb8 9. Bc1 Nc6 10. Be3 Ng4 11. Bg5 f6 12. Bc1 Nh6 13. h3 Nf7 14. Be3 exd4 15.
Nxd4 Nxd4 16. Bxd4 c6 17. Qb3 Qe7 18. f4 f5 19. Bxg7 Kxg7 20. Bd3 Qf6 21. Kh1
Nh6 22. Rf3 Rf7 23. Raf1 Re7 24. Qc2 Bd7 25. Qf2 Kh8 26. exf5 Nxf5 27. g4 Nd4
28. Re3 Rxe3 29. Qxe3 Re8 1/2-1/2

[Event "Larsens Nordjyske Mindeturnering"]
[Site "AALBORG"]
[Date "2018.10.15"]
[Round "3.5"]
[White "Pedersen, Svend"]
[Black "Ogaard, Leif"]
[Result "0-1"]
[WhiteElo "2194"]
[BlackElo "2386"]
[PlyCount "50"]
[EventDate "2018.??.??"]
[EventCountry "DEN"]

1. e4 c5 2. Nc3 Nc6 3. g3 g6 4. Bg2 Bg7 5. d3 d6 6. Nh3 Nf6 7. O-O Bd7 8. f3
Rb8 9. Bg5 b5 10. Qd2 Nd4 11. Bxf6 Bxf6 12. Nd5 Bg7 13. c3 Nc6 14. f4 e6 15.
Ne3 O-O 16. g4 b4 17. f5 bxc3 18. bxc3 h6 19. Nc4 exf5 20. gxf5 g5 21. Nxd6 Qf6
22. e5 Qxe5 23. Ne4 Bxf5 24. Qf2 Bxe4 25. Bxe4 Ne7 0-1

[Event "Larsens Nordjyske Mindeturnering"]
[Site "AALBORG"]
[Date "2018.10.15"]
[Round "3.6"]
[White "Kristiansen, Jens"]
[Black "Jensen, Vagn"]
[Result "1-0"]
[WhiteElo "2370"]
[BlackElo "2172"]
[PlyCount "61"]
[EventDate "2018.??.??"]
[EventCountry "DEN"]

1. d4 d5 2. c4 e6 3. Nc3 Nf6 4. cxd5 exd5 5. Bg5 Bb4 6. e3 h6 7. Bh4 g5 8. Bg3
Ne4 9. Qb3 c5 10. Bxb8 Rxb8 11. Bb5+ Kf8 12. Nge2 Bxc3+ 13. bxc3 a6 14. Bd3 c4
15. Qb4+ Nd6 16. Bc2 Kg7 17. Ng3 Re8 18. a4 Be6 19. a5 b6 20. axb6 Rxb6 21. Qa3
Nb5 22. Qa5 Nd6 23. Kd2 Re7 24. h4 g4 25. Rhb1 Reb7 26. Rxb6 Qxb6 27. Qxa6 Qc7
28. Rb1 Ra7 29. Qb6 Qd7 30. Qb8 Ra2 31. Nh5# 1-0

[Event "Larsens Nordjyske Mindeturnering"]
[Site "AALBORG"]
[Date "2018.10.15"]
[Round "3.7"]
[White "Holst, Per"]
[Black "Renman, Nils Gustaf"]
[Result "0-1"]
[WhiteElo "2132"]
[BlackElo "2349"]
[PlyCount "56"]
[EventDate "2018.??.??"]
[EventCountry "DEN"]

1. d4 d5 2. Nf3 Nf6 3. c4 e6 4. Nc3 c6 5. e3 Nbd7 6. Bd3 dxc4 7. Bxc4 b5 8. Bd3
Bb7 9. O-O a6 10. a4 b4 11. Ne4 c5 12. Nxf6+ Qxf6 13. dxc5 Nxc5 14. Be2 Rd8 15.
Qc2 Bd6 16. Bd2 Be4 17. Qc4 Bd5 18. Qxb4 Nb3 19. Qb6 Bxf3 20. Bxf3 Nxd2 21.
Bc6+ Ke7 22. Rfd1 Qe5 23. Rxd2 Qxh2+ 24. Kf1 Qh1+ 25. Ke2 Qxa1 26. Qa7+ Kf8 27.
Rxd6 Qxb2+ 28. Kf1 Rxd6 0-1

[Event "Larsens Nordjyske Mindeturnering"]
[Site "AALBORG"]
[Date "2018.10.15"]
[Round "3.8"]
[White "Borsos, Bogdan"]
[Black "Hvenekilde, Jorgen"]
[Result "1-0"]
[WhiteElo "2277"]
[BlackElo "2034"]
[PlyCount "57"]
[EventDate "2018.??.??"]
[EventCountry "DEN"]

1. e4 e5 2. Nf3 d6 3. d4 Nd7 4. Bc4 c6 5. dxe5 dxe5 6. Ng5 Nh6 7. O-O Qc7 8. a4
a5 9. h3 b6 10. Qh5 Nf6 11. Qe2 Bc5 12. Nd2 O-O 13. Nb3 Be7 14. Be3 Kh8 15.
Rad1 Nfg8 16. Kh1 Bxg5 17. Bxg5 f6 18. Be3 Nf7 19. Rd2 Nd8 20. Rfd1 Ne6 21. Rd6
Re8 22. f3 Rb8 23. Qd2 Nd4 24. Rxd4 exd4 25. Bf4 Qb7 26. Bxb8 Qxb8 27. Qxd4 Ne7
28. Bf7 Rf8 29. Qd8 1-0

[Event "Larsens Nordjyske Mindeturnering"]
[Site "AALBORG"]
[Date "2018.10.15"]
[Round "3.9"]
[White "Grabow, Pouelsten Holm"]
[Black "Hess, Christian"]
[Result "1/2-1/2"]
[WhiteElo "2127"]
[BlackElo "2225"]
[PlyCount "53"]
[EventDate "2018.??.??"]
[EventCountry "DEN"]

1. Nf3 Nf6 2. d4 d5 3. c4 e6 4. e3 c5 5. Nc3 Nc6 6. cxd5 Nxd5 7. Bb5 Be7 8. Ne5
Bd7 9. Nxd7 Qxd7 10. O-O cxd4 11. exd4 O-O 12. Qf3 Nxc3 13. bxc3 Rac8 14. Bf4
Rfd8 15. Bd3 e5 16. Be3 g6 17. Bc4 Bf8 18. Bb5 exd4 19. Bxc6 Rxc6 20. Bxd4 Bg7
21. Bxg7 Kxg7 22. Rad1 Qc7 23. Rxd8 Qxd8 24. Rb1 Qd2 25. g3 Rxc3 26. Qxb7 Qxa2
27. Qe4 1/2-1/2

[Event "Larsens Nordjyske Mindeturnering"]
[Site "AALBORG"]
[Date "2018.10.15"]
[Round "3.10"]
[White "Christensen, Jan Schleicher"]
[Black "Chritiansen, Arne"]
[Result "1/2-1/2"]
[WhiteElo "2207"]
[BlackElo "2051"]
[PlyCount "40"]
[EventDate "2018.??.??"]
[EventCountry "DEN"]

1. d4 Nf6 2. Nf3 e6 3. e3 b6 4. Bd3 Bb7 5. O-O d5 6. Ne5 Bd6 7. f4 O-O 8. Nd2
Nbd7 9. b3 c5 10. Bb2 Qe7 11. Qf3 Rac8 12. Qh3 Ne4 13. Nxe4 dxe4 14. Bc4 cxd4
15. exd4 Bxe5 16. fxe5 b5 17. Bxb5 Rxc2 18. Rf2 Rxf2 19. Kxf2 Nxe5 20. Be2 Ng6
1/2-1/2

[Event "Larsens Nordjyske Mindeturnering"]
[Site "AALBORG"]
[Date "2018.10.15"]
[Round "3.11"]
[White "Andersen, Mikhael"]
[Black "Sloth, Jorn"]
[Result "0-1"]
[WhiteElo "1985"]
[BlackElo "2306"]
[PlyCount "60"]
[EventDate "2018.??.??"]
[EventCountry "DEN"]

1. c4 e6 2. Nf3 b6 3. g3 Bb7 4. Bg2 Nf6 5. O-O Be7 6. b3 O-O 7. Bb2 Na6 8. d4
d5 9. Ne5 c5 10. e3 Qc7 11. Na3 Rad8 12. Nb5 Qb8 13. Qe2 Ne4 14. cxd5 exd5 15.
Rac1 Rfe8 16. Bxe4 dxe4 17. Qg4 g6 18. h4 cxd4 19. Bxd4 Rd5 20. Nxf7 Bf8 21. a4
Kxf7 22. f3 Rf5 23. Nc3 h5 24. Qh3 exf3 25. g4 hxg4 26. Qxg4 Re6 27. Rf2 Bh6
28. Re1 Nc5 29. e4 Qf4 30. Qxf4 Rxf4 0-1

[Event "Larsens Nordjyske Mindeturnering"]
[Site "AALBORG"]
[Date "2018.10.15"]
[Round "3.12"]
[White "Danielsson, Robert"]
[Black "Jepsen, Thomas Stausholm"]
[Result "0-1"]
[WhiteElo "1973"]
[BlackElo "2180"]
[PlyCount "66"]
[EventDate "2018.??.??"]
[EventCountry "DEN"]

1. Nf3 d6 2. d4 f5 3. g3 Nf6 4. Bg2 g6 5. O-O Bg7 6. c4 O-O 7. Nc3 Qe8 8. d5 e5
9. dxe6 Qxe6 10. Qd3 Na6 11. Nd4 Qe8 12. e3 c6 13. Rb1 Nc5 14. Qc2 Nfe4 15. b4
Nxc3 16. Qxc3 f4 17. gxf4 Bf5 18. bxc5 Bxb1 19. Ba3 Be4 20. Qd2 Bxg2 21. Kxg2
dxc5 22. Bxc5 Rf7 23. f3 b6 24. Ba3 c5 25. Nb3 Rd8 26. Qe2 Rxf4 27. e4 Qd7 28.
Bc1 Rf7 29. Bg5 Qd3 30. Kf2 Qxe2+ 31. Kxe2 Rdf8 32. Na1 Bxa1 33. Rxa1 Rxf3 0-1

[Event "Larsens Nordjyske Mindeturnering"]
[Site "AALBORG"]
[Date "2018.10.16"]
[Round "4.2"]
[White "Renman, Nils Gustaf"]
[Black "Wahlborn, Magnus"]
[Result "1-0"]
[WhiteElo "2349"]
[BlackElo "2159"]
[PlyCount "53"]
[EventDate "2018.??.??"]
[EventCountry "DEN"]

1. d4 Nf6 2. Nf3 g6 3. c4 Bg7 4. Nc3 d5 5. Qb3 dxc4 6. Qxc4 O-O 7. Bf4 c6 8. e4
Qb6 9. O-O-O Na6 10. Qa4 Nc7 11. Qc2 Ne6 12. Be5 Bd7 13. Kb1 Qa5 14. Nd2 Rfc8
15. Nb3 Qb6 16. Na4 Qb4 17. Nac5 Nxc5 18. Nxc5 Be8 19. a3 Qb6 20. Rd3 Nd7 21.
Bxg7 Kxg7 22. Rb3 Qa5 23. Nxb7 Qe1+ 24. Ka2 c5 25. dxc5 Nxc5 26. Nxc5 Ba4 27.
Qc3+ 1-0

[Event "Larsens Nordjyske Mindeturnering"]
[Site "AALBORG"]
[Date "2018.10.16"]
[Round "4.3"]
[White "Ogaard, Leif"]
[Black "Borsos, Bogdan"]
[Result "1/2-1/2"]
[WhiteElo "2386"]
[BlackElo "2277"]
[PlyCount "86"]
[EventDate "2018.??.??"]
[EventCountry "DEN"]

1. c4 c5 2. Nf3 Nc6 3. d4 cxd4 4. Nxd4 g6 5. e4 Bg7 6. Be3 Nf6 7. Nc3 Ng4 8.
Qxg4 Bxd4 9. Bxd4 Nxd4 10. O-O-O d6 11. Qg3 Nc6 12. c5 Be6 13. cxd6 O-O 14. Kb1
Rc8 15. f4 f5 16. exf5 Bxf5+ 17. Bd3 exd6 18. Bxf5 Rxf5 19. Qe3 Qe7 20. Qd2 Qf7
21. g3 d5 22. Nb5 Rd8 23. Nd4 Nxd4 24. Qxd4 b6 25. Rhe1 Re8 26. Rxe8+ Qxe8 27.
g4 Rf7 28. Qxd5 Qe3 29. f5 Qg5 30. h3 gxf5 31. Rf1 Kg7 32. gxf5 Rf6 33. a3 Qe3
34. Ka2 a5 35. Rf3 Qg5 36. Qe5 Kh6 37. Rf4 Qg8+ 38. Kb1 Qg1+ 39. Ka2 Qg8+ 40.
Kb1 Qg1+ 41. Kc2 Rc6+ 42. Kb3 Qg3+ 43. Ka2 Qg8+ 1/2-1/2

[Event "Larsens Nordjyske Mindeturnering"]
[Site "AALBORG"]
[Date "2018.10.16"]
[Round "4.4"]
[White "Olesen, Poul Erik Norgaard"]
[Black "Kristiansen, Jens"]
[Result "0-1"]
[WhiteElo "2004"]
[BlackElo "2370"]
[PlyCount "86"]
[EventDate "2018.??.??"]
[EventCountry "DEN"]

1. e4 c5 2. Nf3 d6 3. d4 cxd4 4. Nxd4 Nf6 5. Nc3 Nc6 6. Bg5 e6 7. Qd2 a6 8.
O-O-O Be7 9. Be2 Bd7 10. Nxc6 Bxc6 11. Qe3 Ng4 12. Bxg4 Bxg5 13. f4 Be7 14. Kb1
Qa5 15. f5 h5 16. Bh3 Qe5 17. fxe6 fxe6 18. Rhe1 Bf6 19. Qb6 O-O 20. Qb3 Rae8
21. g3 g5 22. Qb4 g4 23. Bg2 Bg7 24. Rf1 Qc5 25. Qxc5 dxc5 26. Ne2 Rxf1 27.
Rxf1 Bb5 28. Re1 Rf8 29. Nf4 h4 30. e5 Bh6 31. Nxe6 Rf2 32. Rg1 h3 33. Bxb7
Rxh2 34. Bd5 Kh8 35. Nf4 Bxf4 36. gxf4 Rd2 37. c4 Rxd5 38. cxd5 h2 39. Rh1 g3
40. d6 Bd7 41. Kc2 Kg7 42. Kd2 g2 43. Rxh2 g1=Q 0-1

[Event "Larsens Nordjyske Mindeturnering"]
[Site "AALBORG"]
[Date "2018.10.16"]
[Round "4.5"]
[White "Danielsen, Henrik"]
[Black "Jorgensen, Jorgen"]
[Result "1-0"]
[WhiteElo "2502"]
[BlackElo "2211"]
[PlyCount "67"]
[EventDate "2018.??.??"]
[EventCountry "DEN"]

1. f4 d5 2. Nf3 Nf6 3. g3 b6 4. Bg2 Bb7 5. O-O g6 6. Ne5 Bg7 7. c4 O-O 8. Nc3
c5 9. Qa4 e6 10. d3 Qe7 11. e4 d4 12. Nd1 Nfd7 13. Nf3 f6 14. Nf2 Nc6 15. Bd2
e5 16. f5 Rfb8 17. h4 a6 18. Bh3 Nf8 19. g4 Nd8 20. b4 Nf7 21. bxc5 bxc5 22. g5
gxf5 23. Bxf5 Nd6 24. Bh3 Ne6 25. Ng4 f5 26. exf5 Nxf5 27. Nfxe5 Nxh4 28. Nf6+
Bxf6 29. gxf6 Qd6 30. Qd7 Qxd7 31. Nxd7 Nf8 32. f7+ Kg7 33. Nxb8 Rxb8 34. Rab1
1-0

[Event "Larsens Nordjyske Mindeturnering"]
[Site "AALBORG"]
[Date "2018.10.16"]
[Round "4.6"]
[White "Hansen, John Nyholm"]
[Black "Rooze, Jan"]
[Result "0-1"]
[WhiteElo "2065"]
[BlackElo "2313"]
[PlyCount "88"]
[EventDate "2018.??.??"]
[EventCountry "DEN"]

1. e4 c5 2. Nf3 e6 3. d4 cxd4 4. Nxd4 Nc6 5. Nc3 Qc7 6. Be2 a6 7. O-O Nf6 8.
Be3 Bb4 9. f3 O-O 10. Nxc6 bxc6 11. Na4 Rb8 12. c4 Bd6 13. g3 c5 14. Qd2 Bb7
15. Bd3 Rfc8 16. Rad1 Be7 17. Bf4 d6 18. b3 Bc6 19. Nc3 Nd7 20. Bc2 Ne5 21. Be3
Rd8 22. Qe2 Be8 23. Bb1 Nc6 24. Qd3 g6 25. f4 Bf6 26. Ne2 Bg7 27. Qc2 f5 28.
Rd2 a5 29. Rfd1 a4 30. bxa4 Nb4 31. Qc1 Bxa4 32. Re1 Bc6 33. e5 Ba8 34. Kf1
dxe5 35. fxe5 Rxd2 36. Qxd2 Rd8 37. Qc1 Qc6 38. Rd1 Rb8 39. Nf4 Bxe5 40. Qd2
Qf3+ 41. Bf2 Bxf4 42. gxf4 Qg2+ 43. Ke1 Qh1+ 44. Ke2 Bf3+ 0-1